TOP 50 WAIFUS IN ANIME (According to GPT) - Statistics

General Stats
  • This quiz has been taken 194 times
  • The average score is 12 of 50
Answer Stats
ANIME WAIFU % Correct
Re:Zero Rem
75%
Darling In The Franxx Zero Two
74%
One Piece Nico Robin
67%
Naruto Tsunade
62%
Konosuba Aqua
57%
Re:Zero Emilia
55%
Re:Zero Ram
55%
Attack On Titan Mikasa Ackerman
53%
Konosuba Megumin
51%
Highschool DxD Rias Gremory
45%
Konosuba Darkness
43%
Naruto Hinata Hyuga
42%
Fate/Stay Night Saber
39%
Bunny Girl Senpai Mai Sakurajima
37%
My Dress-Up Darling Marin Kitagawa
36%
Sword Art Online Asuna Yuuki
32%
Fairy Tail Erza Scarlet
31%
Code Geass C.C.
28%
My Hero Academia Ochaco Uraraka
28%
The Quintessential Quintuplets Nino Nakano
27%
Future Diary Yuno Gasai
23%
Kaguya-Sama Love Is War Kaguya Shinomiya
20%
Fairy Tail Lucy Heartfilia
17%
Fate/Stay Night Rin Tohsaka
16%
Kill la Kill Ryuko Matoi
16%
Steins;Gate Kurisu Makise
14%
Bleach Rukia Kuchiki
14%
Fullmetal Alchemist Winry Rockbell
14%
My Teen Romantic Comedy SNAFU Yukino Yukinoshita
14%
Oshi No Ko Kana Arima
12%
Oregairu Yui Yuigahama
12%
Spice and Wolf Holo
11%
My Hero Academia Toga Himiko
9%
Puella Magi Madoka Magica Homura Akemi
7%
Code Geass Kallen Stadtfeld
7%
A Silent Voice Shouko Nishimiya
7%
Fruit Basket Tohru Honda
6%
Nisekoi Chitoge Kirisaki
5%
Sword Art Online Sinon Asada
5%
Bleach Yoruichi Shihouin
5%
My Teen Romantic Comedy SNAFU Iroha Isshiki
4%
Amagi Brilliant Park Isuzu Sento
4%
Tohou Project Remelia Scarlet
4%
Seraph of The End Shinoa Hiiragi
4%
The Melancholy of Haruhi Suzumiya Yuki Nagato
4%
Maid Sama Misaki Ayuzawa
2%
Love Live! Maki Nishikino
1%
Medaka Box Medaka Kurokami
1%
Steins:Gate Rukako Urushibara
1%
Code Geass Milly Ashford
0%
No matching quizzes found
Score Distribution
Percent of People with Each Score
Percentile by Number Answered
Your Score History
You have not taken this quiz